Т. 11 : Новый породоразрушающий инструмент для бурения геологоразведочных скважин; Техника геологоразведочных работ

Detalhes bibliográficos
Parent link:Техника геологоразведочных работ/ Академия наук СССР (АН СССР), Всесоюзный институт научной и технической информации (ВИНИТИ). Т. 11 : Новый породоразрушающий инструмент для бурения геологоразведочных скважин.— , 1964-
Autor principal: Борисович В. Т.
Outros Autores: Михин В. Н. (редактор), Воздвиженский Б. И.
Idioma:russo
Publicado em: 1981
Assuntos:
Formato: Livro
KOHA link:https://koha.lib.tpu.ru/cgi-bin/koha/opac-detail.pl?biblionumber=229302

MARC

LEADER 00000nam2a2200000 4500
001 229302
005 20231101230931.0
035 |a (RuTPU)RU\TPU\book\249903 
090 |a 229302 
100 |a 20130110d1981 k y0rusy50 ca 
101 0 |a rus 
102 |a RU 
105 |a a z 001zy 
200 0 |a Т. 11 : Новый породоразрушающий инструмент для бурения геологоразведочных скважин  |f В. Т. Борисович, В. Н. Михин  |g под ред. Б. И. Воздвиженского 
210 |d 1981 
215 |a 116 с.  |c ил. 
320 |a Библиогр.: с. 110-115 
461 1 |0 (RuTPU)RU\TPU\book\218406  |t Техника геологоразведочных работ  |f Академия наук СССР (АН СССР), Всесоюзный институт научной и технической информации (ВИНИТИ)  |v Т. 11 : Новый породоразрушающий инструмент для бурения геологоразведочных скважин  |d 1964-   |s Техника геологоразведочных работ 
606 1 |a Геологоразведочные работы  |2 stltpush  |3 (RuTPU)RU\TPU\subj\6133  |9 34090 
610 1 |a геологоразведочные скважины 
610 1 |a бурение 
610 1 |a породоразрушающие инструменты 
610 1 |a алмазные коронки 
610 1 |a буровые коронки 
610 1 |a долота 
675 |a 550.8  |v 3 
700 1 |a Борисович  |b В. Т. 
701 1 |a Михин  |b В. Н. 
702 1 |a Воздвиженский  |b Б. И.  |4 340 
801 1 |a RU  |b 63413507  |c 20130110 
801 2 |a RU  |b 63413507  |c 20210929  |g RCR 
942 |c BK